| 000 | 003580000a22001570004500 | ||
|---|---|---|---|
| 001 | 004696 | ||
| 003 | MACL | ||
| 040 | _aMACL | ||
| 090 |
_c16689 _d16688 |
||
| 100 | _aGabrial Garcia Marques, | ||
| 245 |
_aChronicle Of a Death foretold _cGabrial Garcia Marques |
||
| 260 |
_aPenguin Books, _c1996 |
||
| 350 | _a125 | ||
| 650 | _aFiction | ||
| 942 |
_k823 _cBook |
||
| 999 |
_c16583 _d16583 |
||